[Event "Cheliabinsk Kurnosov Memorial Rapid"]
[Site "Cheliabinsk"]
[Date "2023.09.10"]
[Round "10"]
[White "Shomoev, Anton"]
[Black "Pridorozhni, Aleksei"]
[Result "1-0"]
[WhiteElo "2501"]
[BlackElo "2494"]
[PlyCount "87"]
[EventDate "2023.09.08"]
[EventType "swiss (rapid)"]
[EventRounds "11"]
[EventCountry "RUS"]
[SourceTitle "EXT 2024"]
[Source "ChessBase"]
[SourceDate "2023.10.10"]
[SourceVersion "1"]
[SourceVersionDate "2023.10.10"]
[SourceQuality "1"]

1. e4 c6 2. d4 d5 3. e5 Bf5 4. h4 Qc8 5. h5 h6 6. Be3 e6 7. g4 Bh7 8. Bd3 Bxd3 9. cxd3 c5 10. dxc5 Bxc5 11. d4 Bb4+ 12. Nd2 Nc6 13. Ne2 Qd7 14. 0-0 f6 15. Nf3 Nge7 16. Rc1 Ba5 17. Qd3 Bc7 18. Bf4 f5 19. Nh4 fxg4 20. Bg3 0-0-0 21. Nf4 Rhf8 22. Nhg6 Nxg6 23. Qxg6 Nxd4 24. Kg2 Rde8 25. Qxg4 Nc6 26. Ng6 Rf7 27. b4 Kb8 28. b5 Ne7 29. Qa4 Nxg6 30. hxg6 Rff8 31. Rc2 Bb6 32. Rfc1 Rf5 33. Qb4 Rd8 34. Qd6+ Qxd6 35. exd6 a5 36. Rc8+ Ka7 37. Rxd8 Bxd8 38. Rc8 Bb6 39. d7 Rg5 40. Kf1 e5 41. Bh4 Rf5 42. a4 h5 43. Bd8 Bxf2 44. Ke2 1-0

[Event "Cheliabinsk Kurnosov Memorial Rapid"]
[Site "Cheliabinsk"]
[Date "2023.09.09"]
[Round "6"]
[White "Shomoev, Anton"]
[Black "Kuzmin, Roman"]
[Result "0-1"]
[WhiteElo "2501"]
[BlackElo "2167"]
[PlyCount "95"]
[EventDate "2023.09.08"]
[EventType "swiss (rapid)"]
[EventRounds "11"]
[EventCountry "RUS"]
[SourceTitle "EXT 2024"]
[Source "ChessBase"]
[SourceDate "2023.10.10"]
[SourceVersion "1"]
[SourceVersionDate "2023.10.10"]
[SourceQuality "1"]

1. d4 Nf6 2. c4 e6 3. Nc3 d5 4. cxd5 exd5 5. Bg5 Nbd7 6. e3 c6 7. Bd3 Be7 8. Nf3 0-0 9. Qc2 Re8 10. 0-0 Nf8 11. Rae1 g6 12. Ne5 N6d7 13. Bxe7 Qxe7 14. f4 f5 15. a3 a5 16. Na4 Nxe5 17. fxe5 Be6 18. Nc5 Rab8 19. Rf3 Nd7 20. Nb3 Ra8 21. Ref1 Rf8 22. Qc3 a4 23. Nc1 Rf7 24. Ne2 Nf8 25. Qe1 Rg7 26. Bc2 Bd7 27. Nc3 b5 28. Na2 Ne6 29. Nb4 Rf8 30. Qc3 Qe8 31. Bd3 Rgf7 32. Rc1 f4 33. Be2 fxe3 34. Qxe3 Rxf3 35. Bxf3 Kg7 36. Bg4 Nf4 37. Rf1 Nxg2 38. Kxg2 Bxg4 39. Rf6 Bf5 40. Qg5 h6 41. Qh4 Be4+ 42. Kg1 c5 43. Nc6 cxd4 44. Nxd4 Kg8 45. Qxh6 Rxf6 46. exf6 Qd7 47. Qf4 Qh3 48. Qg3 0-1

[Event "Cheliabinsk Kurnosov Memorial Rapid"]
[Site "Cheliabinsk"]
[Date "2023.09.09"]
[Round "8"]
[White "Shomoev, Anton"]
[Black "Ogloblin, Nikolay"]
[Result "1-0"]
[WhiteElo "2501"]
[BlackElo "2346"]
[PlyCount "57"]
[EventDate "2023.09.08"]
[EventType "swiss (rapid)"]
[EventRounds "11"]
[EventCountry "RUS"]
[SourceTitle "EXT 2024"]
[Source "ChessBase"]
[SourceDate "2023.10.10"]
[SourceVersion "1"]
[SourceVersionDate "2023.10.10"]
[SourceQuality "1"]

1. e4 c5 2. Nf3 Nc6 3. d4 cxd4 4. Nxd4 Nf6 5. Nc3 d6 6. Bg5 e6 7. Qd2 a6 8. 0-0-0 h6 9. Nxc6 bxc6 10. Bf4 d5 11. Qe3 Be7 12. Be2 a5 13. h4 Ba6 14. Bf3 h5 15. Rhe1 Kf8 16. a3 Ng4 17. Bxg4 hxg4 18. Na4 Bb5 19. Nc5 a4 20. Bg5 Bxg5 21. hxg5 Kg8 22. exd5 exd5 23. Qf4 Rh5 24. Re5 f6 25. gxf6 Rxe5 26. f7+ Kf8 27. Qxe5 Qe7 28. Ne6+ Kxf7 29. Qxg7+ 1-0

[Event "RUS-ch Higher League 76th"]
[Site "Novokuznetsk"]
[Date "2023.06.28"]
[Round "3"]
[White "Shomoev, Anton"]
[Black "Sergienko, Sergey"]
[Result "1-0"]
[WhiteElo "2552"]
[BlackElo "2306"]
[PlyCount "87"]
[EventDate "2023.06.26"]
[EventType "swiss"]
[EventRounds "9"]
[EventCountry "RUS"]
[SourceTitle "EXT 2024"]
[Source "ChessBase"]
[SourceDate "2023.10.10"]
[SourceVersion "1"]
[SourceVersionDate "2023.10.10"]
[SourceQuality "1"]

1. e4 c5 2. Nf3 d6 3. d4 cxd4 4. Nxd4 Nf6 5. Nc3 a6 6. Be3 Ng4 7. Bc1 Nf6 8. f3 Qb6 9. g4 e6 10. a3 Nc6 11. Be3 Qc7 12. Qd2 Ne5 13. 0-0-0 Bd7 14. g5 Nh5 15. f4 Nc4 16. Bxc4 Qxc4 17. Nb3 Qc7 18. Qf2 Be7 19. f5 0-0 20. Rhg1 Rac8 21. Rd3 Rfe8 22. Bb6 Qb8 23. f6 Bf8 24. fxg7 Nxg7 25. Qh4 Rxc3 26. Rxc3 e5 27. Bc7 Qa7 28. Rd1 Bc8 29. Bxd6 Bxd6 30. Rxd6 Ne6 31. Qg3 Nf4 32. Qe3 Qb8 33. Rd2 b5 34. Nc5 b4 35. axb4 Qxb4 36. Nd3 Qa5 37. Ra3 Qc7 38. Kb1 Ne6 39. Nb4 Qc4 40. Nd5 Qf1+ 41. Ka2 Kg7 42. Rc3 Qb5 43. b3 Rd8 44. Kb2 1-0

[Event "Titled Tuesday intern op 25th Apr Early"]
[Site "Chess.com INT"]
[Date "2023.04.25"]
[Round "2"]
[White "Martin Fuentes, Alberto"]
[Black "Shomoev, Anton"]
[Result "0-1"]
[WhiteElo "2388"]
[BlackElo "2552"]
[PlyCount "72"]
[EventDate "2023.04.25"]
[EventType "swiss (blitz)"]
[EventRounds "11"]
[EventCountry "USA"]
[SourceTitle "EXT 2024"]
[Source "ChessBase"]
[SourceDate "2023.10.10"]
[SourceVersion "1"]
[SourceVersionDate "2023.10.10"]
[SourceQuality "1"]

1. e4 c5 2. Nc3 d6 3. g3 Nc6 4. Bg2 g6 5. d3 Bg7 6. Be3 Rb8 7. Qd2 b5 8. Nge2 Nd4 9. Nc1 Bh3 10. Bxd4 cxd4 11. Bxh3 dxc3 12. bxc3 b4 13. Ne2 bxc3 14. Qe3 h5 15. Qxa7 h4 16. Qa4+ Kf8 17. Bg2 Rh5 18. 0-0 Rb2 19. d4 Qa5 20. Qc4 Bf6 21. f4 hxg3 22. hxg3 Rxc2 23. e5 dxe5 24. dxe5 Qb6+ 25. Qd4 Qa5 26. Bf3 Bxe5 27. fxe5 Rxe5 28. Rf2 Nf6 29. Raf1 Kg7 30. Nf4 Rxf2 31. Rxf2 Re1+ 32. Kg2 e5 33. Ne6+ fxe6 34. Qc4 e4 35. Bxe4 Rxe4 36. Qc7+ Qxc7 0-1

[Event "Titled Tuesday intern op 25th Apr Early"]
[Site "Chess.com INT"]
[Date "2023.04.25"]
[Round "8"]
[White "Schnaider, Ilan"]
[Black "Shomoev, Anton"]
[Result "0-1"]
[WhiteElo "2196"]
[BlackElo "2552"]
[PlyCount "102"]
[EventDate "2023.04.25"]
[EventType "swiss (blitz)"]
[EventRounds "11"]
[EventCountry "USA"]
[SourceTitle "EXT 2024"]
[Source "ChessBase"]
[SourceDate "2023.10.10"]
[SourceVersion "1"]
[SourceVersionDate "2023.10.10"]
[SourceQuality "1"]

1. e4 c5 2. Nf3 d6 3. d4 cxd4 4. Nxd4 Nf6 5. Nc3 a6 6. Be3 e5 7. Nb3 Be6 8. h3 h5 9. Qd2 Nbd7 10. 0-0-0 b5 11. f4 b4 12. Nd5 Nxe4 13. Qxb4 Ng3 14. Rg1 a5 15. Qa4 g6 16. Bb6 Qb8 17. Nc7+ Ke7 18. Nxa8 Nxb6 19. Nxb6 Qxb6 20. fxe5 Bh6+ 21. Kb1 Qxg1 22. Qh4+ Kf8 23. Qxg3 dxe5 24. Qxe5 Bg7 25. Rd8+ Ke7 26. Qc7+ Kf6 27. Qf4+ Ke7 28. Qc7+ Kf6 29. Qf4+ Bf5 30. Qd6+ Kg5 31. Qd2+ Kh4 32. Qf4+ Bg4 33. Rd3 Be5 34. g3+ Qxg3 35. Qxg3+ Bxg3 36. hxg4 hxg4 37. Nd4 f5 38. b3 Be5 39. Nc6 Bf6 40. a3 Kg5 41. Nd4 Rh1 42. Ne6+ Kh4 43. Rd1 Bc3 44. Nf4 g5 45. Ng2+ Kg3 46. Rd3+ Kf2 47. Ne3 Be5 48. Ka2 g3 49. Nxf5 Rxf1 50. Rd5 Bf4 51. Nd4 g2 0-1

[Event "Titled Tuesday intern op 25th Apr Early"]
[Site "Chess.com INT"]
[Date "2023.04.25"]
[Round "4"]
[White "Shomoev, Anton"]
[Black "Odegov, Artem"]
[Result "1/2-1/2"]
[WhiteElo "2552"]
[BlackElo "2261"]
[PlyCount "62"]
[EventDate "2023.04.25"]
[EventType "swiss (blitz)"]
[EventRounds "11"]
[EventCountry "USA"]
[SourceTitle "EXT 2024"]
[Source "ChessBase"]
[SourceDate "2023.10.10"]
[SourceVersion "1"]
[SourceVersionDate "2023.10.10"]
[SourceQuality "1"]

1. d4 d5 2. c4 e6 3. Nc3 c5 4. cxd5 exd5 5. Nf3 Nc6 6. dxc5 d4 7. Ne4 Nf6 8. Nd6+ Bxd6 9. cxd6 Qxd6 10. e3 Qb4+ 11. Bd2 Qxb2 12. exd4 0-0 13. Be2 Nxd4 14. Nxd4 Qxd4 15. 0-0 Be6 16. Be3 Qxd1 17. Rfxd1 b6 18. a4 Rad8 19. Rxd8 Rxd8 20. a5 bxa5 21. Rxa5 Nd5 22. Bxa7 Nc3 23. Bf3 Bd5 24. Bb6 Re8 25. Be3 Bxf3 26. gxf3 Rc8 27. Kf1 h6 28. Bd2 Nb1 29. Be1 Rc2 30. Ra1 Nd2+ 31. Bxd2 Rxd2 1/2-1/2

[Event "Barnaul Kura Memorial"]
[Site "Barnaul"]
[Date "2023.02.26"]
[Round "8"]
[White "Belozerov, Andrei"]
[Black "Shomoev, Anton"]
[Result "1/2-1/2"]
[WhiteElo "2460"]
[BlackElo "2555"]
[PlyCount "112"]
[EventDate "2023.02.25"]
[EventType "swiss (rapid)"]
[EventRounds "11"]
[EventCountry "RUS"]
[SourceTitle "CBM 213 Extra"]
[Source "ChessBase"]
[SourceDate "2023.05.31"]
[SourceVersion "1"]
[SourceVersionDate "2023.05.31"]
[SourceQuality "1"]

1. e4 c5 2. Nf3 d6 3. Bb5+ Nd7 4. a4 Ngf6 5. Nc3 g6 6. 0-0 Bg7 7. Re1 a6 8. Bf1 b6 9. d4 cxd4 10. Nxd4 Bb7 11. Bg5 h6 12. Bh4 0-0 13. f3 Rc8 14. Nd5 e6 15. Nxf6+ Nxf6 16. c4 Qc7 17. Qd2 Nd7 18. Bf2 Rfd8 19. Rec1 Nc5 20. Ra3 Qe7 21. b4 a5 22. bxa5 d5 23. exd5 Ne4 24. fxe4 Qxa3 25. axb6 exd5 26. Nb5 Qxa4 27. exd5 Qb3 28. Nc7 Be5 29. Bd3 Rd6 30. Rb1 Qa4 31. c5 Rf6 32. Be3 Qh4 33. g3 Bxg3 34. c6 Rxc6 35. dxc6 Bxc6 36. Bf1 Rd8 37. Qe2 Bf3 38. Qa2 Be5 39. Qf2 Qe4 40. Re1 Bc3 41. Rc1 Rd2 42. Rxc3 Rxf2 43. Kxf2 Qf5 44. Rc5 Bd5+ 45. Ke2 Qf3+ 46. Kd2 Bb7 47. Bc4 Qg2+ 48. Kc3 Qf3 49. Re5 Qd1 50. Re8+ Kh7 51. Bd4 Qa1+ 52. Kd3 Qd1+ 53. Kc3 Qa1+ 54. Kd3 Qd1+ 55. Kc3 Qa1+ 56. Kd3 Qd1+ 1/2-1/2

[Event "Barnaul Kura Memorial"]
[Site "Barnaul"]
[Date "2023.02.25"]
[Round "6"]
[White "Kokarev, Dmitry"]
[Black "Shomoev, Anton"]
[Result "1-0"]
[WhiteElo "2588"]
[BlackElo "2555"]
[PlyCount "103"]
[EventDate "2023.02.25"]
[EventType "swiss (rapid)"]
[EventRounds "11"]
[EventCountry "RUS"]
[SourceTitle "CBM 213 Extra"]
[Source "ChessBase"]
[SourceDate "2023.05.31"]
[SourceVersion "1"]
[SourceVersionDate "2023.05.31"]
[SourceQuality "1"]

1. g3 d5 2. Nf3 g6 3. c4 Nf6 4. cxd5 Nxd5 5. Nc3 Bg7 6. Bg2 0-0 7. h4 Nc6 8. h5 Bf5 9. Qa4 Ndb4 10. 0-0 a5 11. d3 Bd7 12. h6 Bh8 13. Qd1 Qc8 14. a3 Na6 15. Be3 Bh3 16. Qa4 Bxg2 17. Kxg2 Rd8 18. Rab1 Qd7 19. Rfc1 Nab4 20. Qb5 Bxc3 21. bxc3 Nd5 22. Bg5 Rab8 23. c4 Nf6 24. Ne5 Nxe5 25. Qxe5 b6 26. f3 Qe6 27. Qxe6 fxe6 28. a4 c5 29. Rb5 Kf7 30. Bxf6 Kxf6 31. Rcb1 Rd6 32. Rxc5 Ra8 33. Rcb5 Ra6 34. f4 Rc6 35. Kf3 Kf7 36. Ke4 Ke8 37. Re5 Ra8 38. g4 Rd8 39. Rbb5 Rdc8 40. g5 Kd7 41. e3 Kd6 42. d4 Kd7 43. c5 bxc5 44. Rexc5 Rxc5 45. dxc5 Ra8 46. Rb7+ Ke8 47. Ke5 Kf7 48. c6 Ra6 49. Rc7 Rb6 50. Kd4 Rb4+ 51. Kc5 Rb8 52. Ra7 1-0

[Event "Barnaul Kura Memorial"]
[Site "Barnaul"]
[Date "2023.02.25"]
[Round "5"]
[White "Shomoev, Anton"]
[Black "Ponkratov, Pavel"]
[Result "1-0"]
[WhiteElo "2555"]
[BlackElo "2577"]
[PlyCount "83"]
[EventDate "2023.02.25"]
[EventType "swiss (rapid)"]
[EventRounds "11"]
[EventCountry "RUS"]
[SourceTitle "CBM 213 Extra"]
[Source "ChessBase"]
[SourceDate "2023.05.31"]
[SourceVersion "1"]
[SourceVersionDate "2023.05.31"]
[SourceQuality "1"]

1. e4 e6 2. d4 d5 3. Nc3 Bb4 4. e5 c5 5. Bd2 Ne7 6. a3 Bxc3 7. Bxc3 b6 8. h4 Nbc6 9. h5 Nf5 10. Nf3 Qc7 11. Bb5 Bd7 12. Bxc6 Bxc6 13. g4 Nh6 14. Rg1 Bb5 15. Qd2 Ng8 16. 0-0-0 h6 17. Nh4 Ne7 18. f4 Bd7 19. Rdf1 Nc6 20. f5 cxd4 21. Bxd4 Nxd4 22. Qxd4 Rc8 23. c3 Qc4 24. Kb1 Qxd4 25. cxd4 Ba4 26. Rc1 Ke7 27. fxe6 Kxe6 28. Ng2 Rc4 29. Nf4+ Kd7 30. Rxc4 dxc4 31. Kc1 a5 32. Kd2 b5 33. g5 hxg5 34. Rxg5 Rh7 35. Kc3 Bd1 36. d5 Ke8 37. Kd4 g6 38. hxg6 fxg6 39. Nxg6 Rh2 40. e6 Rxb2 41. Rf5 Kd8 42. d6 1-0

[Event "Barnaul Kura Memorial"]
[Site "Barnaul"]
[Date "2023.02.25"]
[Round "3"]
[White "Shomoev, Anton"]
[Black "Vlassov, Nikolai"]
[Result "1-0"]
[WhiteElo "2555"]
[BlackElo "2283"]
[PlyCount "73"]
[EventDate "2023.02.25"]
[EventType "swiss (rapid)"]
[EventRounds "11"]
[EventCountry "RUS"]
[SourceTitle "CBM 213 Extra"]
[Source "ChessBase"]
[SourceDate "2023.05.31"]
[SourceVersion "1"]
[SourceVersionDate "2023.05.31"]
[SourceQuality "1"]

1. e4 Nc6 2. Nf3 d5 3. exd5 Qxd5 4. Nc3 Qa5 5. Bb5 Bd7 6. 0-0 a6 7. b4 Qxb4 8. Rb1 Qd6 9. Be2 Na5 10. Ne4 Qd5 11. d3 e5 12. c4 Qe6 13. Bd2 b6 14. Bxa5 bxa5 15. d4 Nf6 16. Neg5 Qf5 17. Bd3 Qf4 18. Re1 Bb4 19. Rxe5+ Kf8 20. g3 Qg4 21. h3 Qh5 22. Ne6+ Bxe6 23. Rxh5 Nxh5 24. Ng5 Nf6 25. Nxe6+ fxe6 26. Qe2 Kf7 27. c5 Rad8 28. Bc4 Rhe8 29. Qe3 Kf8 30. a3 Bxa3 31. Qxa3 Rxd4 32. Bxa6 e5 33. Qxa5 e4 34. Qxc7 e3 35. fxe3 Rxe3 36. Rb8+ Ne8 37. Bb5 1-0

[Event "Yakutsk Sakha Cup"]
[Site "Yakutsk"]
[Date "2023.02.02"]
[Round "9"]
[White "Rodionov, Yuri"]
[Black "Shomoev, Anton"]
[Result "0-1"]
[WhiteElo "2109"]
[BlackElo "2555"]
[PlyCount "76"]
[EventDate "2023.01.24"]
[EventType "swiss"]
[EventRounds "9"]
[EventCountry "RUS"]
[SourceTitle "CBM 212 Extra"]
[Source "ChessBase"]
[SourceDate "2023.03.31"]
[SourceVersion "1"]
[SourceVersionDate "2023.03.31"]
[SourceQuality "1"]

1. d4 Nf6 2. c4 g6 3. Nc3 d5 4. e3 Bg7 5. Nf3 0-0 6. Qb3 e6 7. Bd2 Nc6 8. cxd5 exd5 9. Be2 Rb8 10. Rc1 Be6 11. Na4 Ne4 12. Nc5 Nxc5 13. Rxc5 Ne7 14. 0-0 b6 15. Rcc1 c5 16. Qa3 c4 17. b3 b5 18. Qa6 Rb6 19. Qxa7 Nc6 20. Qa3 c3 21. Bxc3 b4 22. Qb2 bxc3 23. Rxc3 Qd6 24. Rfc1 Ra8 25. a4 Bf8 26. Bb5 Na7 27. Bd3 Qa3 28. Qc2 Bb4 29. Rc7 Bd6 30. Rc3 Rc8 31. Rxc8+ Bxc8 32. Rb1 Rc6 33. Qd1 Rc3 34. Ne1 Nc6 35. h3 Nb4 36. Nc2 Nxc2 37. Bxc2 Qa2 38. Rc1 Qb2 0-1

[Event "Yakutsk Sakha Cup"]
[Site "Yakutsk"]
[Date "2023.01.26"]
[Round "3"]
[White "Mestnikov, Aisen"]
[Black "Shomoev, Anton"]
[Result "0-1"]
[WhiteElo "2095"]
[BlackElo "2555"]
[PlyCount "80"]
[EventDate "2023.01.24"]
[EventType "swiss"]
[EventRounds "9"]
[EventCountry "RUS"]
[SourceTitle "CBM 212 Extra"]
[Source "ChessBase"]
[SourceDate "2023.03.31"]
[SourceVersion "1"]
[SourceVersionDate "2023.03.31"]
[SourceQuality "1"]

1. d4 Nf6 2. c4 g6 3. Nc3 Bg7 4. e4 d6 5. Be2 0-0 6. Nf3 Na6 7. 0-0 e5 8. d5 Nc5 9. Qc2 a5 10. Bg5 h6 11. Be3 b6 12. Nd2 Bg4 13. f3 Bd7 14. b3 Nh5 15. g3 f5 16. exf5 gxf5 17. f4 Qe8 18. Rae1 exf4 19. Bxh5 Qxh5 20. Bxf4 Rae8 21. Nb5 Bxb5 22. cxb5 Re2 23. Rxe2 Qxe2 24. Qc4 Re8 25. a3 Qxc4 26. bxc4 Nd3 27. Nf3 Re2 28. Bd2 a4 29. Rd1 Nb2 30. Rc1 Re4 31. Nh4 Nxc4 32. Bf4 Bb2 33. Rc2 Bxa3 34. Nxf5 Bb2 35. Kg2 a3 36. Kf3 a2 37. Kxe4 a1Q 38. Nxh6+ Kh7 39. Rxc4 Qb1+ 40. Ke3 Qe1+ 0-1

[Event "RUS GP Top 28 Rapid"]
[Site "Khanty-Mansiysk"]
[Date "2022.12.03"]
[Round "13"]
[White "Shomoev, Anton"]
[Black "Tsydypov, Zhamsaran"]
[Result "1/2-1/2"]
[WhiteElo "2555"]
[BlackElo "2534"]
[PlyCount "55"]
[EventDate "2022.12.01"]
[EventType "tourn (rapid)"]
[EventRounds "13"]
[EventCountry "RUS"]
[EventCategory "11"]
[SourceTitle "CBM 211 Extra"]
[Source "ChessBase"]
[SourceDate "2023.01.31"]
[SourceVersion "1"]
[SourceVersionDate "2023.01.31"]
[SourceQuality "1"]

1. e4 c5 2. Nf3 d6 3. d4 cxd4 4. Nxd4 Nf6 5. Nc3 a6 6. Be3 Nbd7 7. f3 h5 8. a4 e6 9. Bc4 Ne5 10. Bb3 Bd7 11. 0-0 Qc7 12. Qe2 Rc8 13. Rad1 Be7 14. Kh1 0-0 15. Bg5 Nc4 16. Bc1 Rfe8 17. f4 Bf8 18. Rd3 Qc5 19. Bxc4 Qxc4 20. e5 Ng4 21. h3 Nh6 22. Qxh5 Bc6 23. b3 Qc5 24. Be3 Qa5 25. Bd2 Qc5 26. Be3 Qa5 27. Bd2 Qc5 28. Be3 1/2-1/2

[Event "RUS GP Top 28 Rapid"]
[Site "Khanty-Mansiysk"]
[Date "2022.12.02"]
[Round "8"]
[White "Shomoev, Anton"]
[Black "Lugovskoy, Maxim"]
[Result "1-0"]
[WhiteElo "2555"]
[BlackElo "2380"]
[PlyCount "41"]
[EventDate "2022.12.01"]
[EventType "tourn (rapid)"]
[EventRounds "13"]
[EventCountry "RUS"]
[EventCategory "11"]
[SourceTitle "CBM 211 Extra"]
[Source "ChessBase"]
[SourceDate "2023.01.31"]
[SourceVersion "1"]
[SourceVersionDate "2023.01.31"]
[SourceQuality "1"]

1. e4 e6 2. d4 d5 3. Nc3 Bb4 4. e5 c5 5. a3 Bxc3+ 6. bxc3 Ne7 7. Qg4 Qc7 8. Bd3 Nbc6 9. Nf3 Bd7 10. 0-0 0-0-0 11. Qxg7 Rhg8 12. Qh6 Nf5 13. Bxf5 exf5 14. Bg5 Rde8 15. Qxh7 Be6 16. Bf6 Rg4 17. h3 Re4 18. dxc5 d4 19. Ng5 Re2 20. Nxe6 fxe6 21. Qh5 1-0

[Event "Khanty-Mansiysk Governor Cup Rapid 18th"]
[Site "Khanty-Mansiysk"]
[Date "2022.11.28"]
[Round "10"]
[White "Rozhkov, Viacheslav"]
[Black "Shomoev, Anton"]
[Result "0-1"]
[WhiteElo "2206"]
[BlackElo "2555"]
[PlyCount "50"]
[EventDate "2022.11.26"]
[EventType "swiss (rapid)"]
[EventRounds "11"]
[EventCountry "RUS"]
[SourceTitle "CBM 211 Extra"]
[Source "ChessBase"]
[SourceDate "2023.01.31"]
[SourceVersion "1"]
[SourceVersionDate "2023.01.31"]
[SourceQuality "1"]

1. e4 c5 2. Nf3 d6 3. d4 cxd4 4. Nxd4 Nf6 5. Nc3 a6 6. Be3 e6 7. Be2 Qc7 8. 0-0 b5 9. a4 b4 10. Na2 Nxe4 11. Nxb4 Be7 12. Bf3 Bb7 13. Bxe4 Bxe4 14. Qg4 Bg6 15. Ra3 0-0 16. Rc3 Qb7 17. Rb3 Qd7 18. c4 Qxa4 19. Qf3 d5 20. cxd5 Bxb4 21. dxe6 Ra7 22. Qd5 Re7 23. Qc4 a5 24. Nb5 Rxe6 25. Ra3 Qc2 0-1

[Event "Khanty-Mansiysk Governor Cup Rapid 18th"]
[Site "Khanty-Mansiysk"]
[Date "2022.11.26"]
[Round "1"]
[White "Shomoev, Anton"]
[Black "Fedorov, Semen K"]
[Result "1-0"]
[WhiteElo "2555"]
[BlackElo "1171"]
[PlyCount "45"]
[EventDate "2022.11.26"]
[EventType "swiss (rapid)"]
[EventRounds "11"]
[EventCountry "RUS"]
[SourceTitle "CBM 211 Extra"]
[Source "ChessBase"]
[SourceDate "2023.01.31"]
[SourceVersion "1"]
[SourceVersionDate "2023.01.31"]
[SourceQuality "1"]

1. e4 c6 2. d4 d5 3. Nc3 dxe4 4. Nxe4 Nd7 5. Ng5 Ngf6 6. Bd3 Nb6 7. h3 h6 8. N5f3 e6 9. Ne5 Bd6 10. Ngf3 0-0 11. Qe2 c5 12. dxc5 Bxc5 13. Bd2 Nbd5 14. 0-0-0 Qb6 15. g4 Nb4 16. Bxb4 Qxb4 17. c3 Qf4+ 18. Kb1 Nd7 19. Bc2 Nb6 20. Qd3 f5 21. Ng6 Qc7 22. Nxf8 Kxf8 23. gxf5 1-0

[Event "RUS-chT Rapid"]
[Site "Sochi"]
[Date "2022.10.18"]
[Round "4.2"]
[White "Shomoev, Anton"]
[Black "Sjugirov, Sanan"]
[Result "1-0"]
[WhiteElo "2555"]
[BlackElo "2709"]
[PlyCount "129"]
[EventDate "2022.10.18"]
[EventType "team-swiss (rapid)"]
[EventRounds "9"]
[EventCountry "RUS"]
[SourceTitle "CBM 210 Extra"]
[Source "ChessBase"]
[SourceDate "2022.11.30"]
[SourceVersion "1"]
[SourceVersionDate "2022.11.30"]
[SourceQuality "1"]
[WhiteTeam "Cheliabinsk Yuzhnyy Ural"]
[BlackTeam "Tatarstan Ladya"]
[WhiteTeamCountry "RUS"]
[BlackTeamCountry "RUS"]

1. e4 e5 2. Nf3 Nc6 3. Bb5 Nf6 4. 0-0 Nxe4 5. d4 Nd6 6. Bxc6 dxc6 7. dxe5 Nf5 8. Qxd8+ Kxd8 9. h3 h6 10. Rd1+ Ke8 11. Nc3 Be7 12. g4 Nh4 13. Nxh4 Bxh4 14. Kg2 Be7 15. Be3 h5 16. f3 f6 17. exf6 gxf6 18. Bf4 Kf7 19. Bxc7 hxg4 20. fxg4 f5 21. Rf1 Kg6 22. Rae1 Bb4 23. Be5 Re8 24. Re3 Bxc3 25. gxf5+ Bxf5 26. Rg3+ Kh6 27. Rf4 Be4+ 28. Rxe4 Rxe5 29. Rh4+ Rh5 30. Rxh5+ Kxh5 31. Rxc3 Re8 32. Kf2 Re5 33. Rb3 b6 34. Rc3 c5 35. Re3 Rd5 36. Rd3 Re5 37. Rd7 a5 38. Rb7 Re6 39. a4 Kh4 40. Rh7+ Kg5 41. b3 c4 42. Rg7+ Kf6 43. Rh7 Kg6 44. Rd7 cxb3 45. cxb3 Kf5 46. Rd5+ Ke4 47. Rb5 Rf6+ 48. Kg3 Rg6+ 49. Kf2 Rf6+ 50. Kg3 Rg6+ 51. Kh2 Rh6 52. Rg5 Kf4 53. Rg4+ Kf3 54. Rg3+ Kf2 55. Rg5 Kf3 56. Rf5+ Ke4 57. Rf1 Ke3 58. Kg3 Rg6+ 59. Kh4 Ke4 60. Rf8 Ke5 61. Rf3 Rg2 62. Rg3 Rf2 63. Kh5 Rf4 64. Rg5+ Kf6 65. Rg6+ 1-0

[Event "RUS-chT Blitz"]
[Site "Sochi"]
[Date "2022.10.17"]
[Round "13.7"]
[White "Timofeev, Artyom"]
[Black "Shomoev, Anton"]
[Result "0-1"]
[WhiteElo "2567"]
[BlackElo "2555"]
[PlyCount "192"]
[EventDate "2022.10.17"]
[EventType "team-swiss (blitz)"]
[EventRounds "13"]
[EventCountry "RUS"]
[SourceTitle "CBM 210 Extra"]
[Source "ChessBase"]
[SourceDate "2022.11.30"]
[SourceVersion "1"]
[SourceVersionDate "2022.11.30"]
[SourceQuality "1"]
[WhiteTeam "Tatarstan Ladya"]
[BlackTeam "Cheliabinsk Yuzhnyy Ural"]
[WhiteTeamCountry "RUS"]
[BlackTeamCountry "RUS"]

1. e4 c5 2. Nf3 d6 3. Bc4 Nf6 4. Qe2 e6 5. c3 Be7 6. 0-0 0-0 7. Bb3 b6 8. Re1 Bb7 9. d3 Nc6 10. Bf4 b5 11. a3 a5 12. a4 b4 13. Nbd2 d5 14. Rad1 Ba6 15. Bg3 Nh5 16. exd5 Nxg3 17. hxg3 exd5 18. Ne5 Nxe5 19. Qxe5 bxc3 20. bxc3 Bf6 21. Qxd5 Bxc3 22. Qxc5 Rc8 23. Qf5 Bxd3 24. Qf3 Bg6 25. Ne4 Bxe1 26. Rxd8 Rcxd8 27. g4 Bxe4 28. Qxe4 Bb4 29. g3 g6 30. Kg2 Rd2 31. Qe5 Rd3 32. Bc4 Rc3 33. Qd5 Rc2 34. g5 Rd2 35. Qb7 Bc5 36. Kh3 Rxf2 37. Qc7 Bb4 38. Qd7 Rf5 39. Kg4 Rb8 40. Bd3 Rf2 41. Bc4 Rf8 42. Bd5 Rf5 43. Be4 Re5 44. Bd3 Bd2 45. Bxg6 Rxg5+ 46. Kh3 hxg6 47. Qxd2 Rh5+ 48. Kg2 Re8 49. Qd7 Ree5 50. Qd8+ Kg7 51. Qd4 Rhg5 52. Kf3 Kh7 53. Qh4+ Kg8 54. Qd4 Rd5 55. Qc4 Rc5 56. Qd4 Rgf5+ 57. Kg2 Rc2+ 58. Kh3 Rh5+ 59. Kg4 Rcc5 60. Kf3 Rc8 61. Kg2 Rhc5 62. Qd7 Rc2+ 63. Kh3 R8c5 64. Qd8+ Kg7 65. Qd4+ Kh7 66. Qd3 R2c4 67. Qf1 Kg8 68. Qd1 Rc3 69. Qd8+ Kh7 70. Qe7 Kg7 71. Qe4 R3c4 72. Qe8 Rg5 73. Qd8 Rcg4 74. Kh2 Rxg3 75. Qd4+ Kh7 76. Qf4 Kg8 77. Qb8+ Kg7 78. Qb2+ Kh7 79. Qb7 Rg2+ 80. Kh3 Rf2 81. Kh4 Rg1 82. Kh3 Rf5 83. Kh2 Rg4 84. Kh3 Rxa4 85. Qd7 Rb4 86. Qe7 Rbf4 87. Qa7 a4 88. Qa8 Rb4 89. Qf8 Rb3+ 90. Kg4 a3 91. Qa8 Rb4+ 92. Kg3 Rb3+ 93. Kg4 Rbf3 94. Qa7 Kg8 95. Qb8+ Kg7 96. Qa7 R5f4+ 0-1

[Event "RUS-ch Rapid"]
[Site "Sochi"]
[Date "2022.10.15"]
[Round "1"]
[White "Esipenko, Aleksandr"]
[Black "Shomoev, Anton"]
[Result "0-1"]
[WhiteElo "2156"]
[BlackElo "2555"]
[PlyCount "78"]
[EventDate "2022.10.15"]
[EventType "swiss (rapid)"]
[EventRounds "11"]
[EventCountry "RUS"]
[SourceTitle "CBM 210 Extra"]
[Source "ChessBase"]
[SourceDate "2022.11.30"]
[SourceVersion "1"]
[SourceVersionDate "2022.11.30"]
[SourceQuality "1"]

1. d4 Nf6 2. Nf3 g6 3. Bf4 d6 4. e3 Bg7 5. Be2 0-0 6. h3 Nc6 7. 0-0 Ne4 8. c3 e5 9. Bh2 Qe7 10. dxe5 dxe5 11. Qa4 Nc5 12. Qa3 Be6 13. Nbd2 Rfd8 14. Rfd1 f6 15. Bb5 Nd3 16. Qxe7 Nxe7 17. b3 Nc5 18. b4 a6 19. Be2 Na4 20. Rdc1 Nd5 21. Bc4 Bf7 22. Ne4 b5 23. Bb3 Ndb6 24. Ned2 Nb2 25. Rc2 N2c4 26. Ne4 a5 27. bxa5 Nxa5 28. Rb1 Nbc4 29. Re2 Nxb3 30. axb3 Na5 31. b4 Bc4 32. Rd2 Nb3 33. Rdb2 Bd3 34. Rxb3 Bxe4 35. Rc1 Ra2 36. Bg3 Bc2 37. Rxc2 Rxc2 38. Ra3 Rd1+ 39. Kh2 Rcc1 0-1